| 000 | 01539nam a2200301Ia 4500 | ||
|---|---|---|---|
| 003 | PE SENCICO BE | ||
| 005 | 20251020182433.0 | ||
| 008 | 200515s9999 xx 000 0 und d | ||
| 040 |
_aPE SENCICO BE _cPE SENCICO BE |
||
| 041 | _aspa | ||
| 082 |
_a378.1 _bP4 |
||
| 110 | 1 |
_92677 _aPerú. _bMinisterio de Educación |
|
| 245 | 1 | 0 |
_aPropuestas para una nueva educación : _bII Encuentro Nacional Universidades - Ministerio de Educación / _cMinisterio de Educación |
| 250 | _a1a ed. | ||
| 260 |
_aLima : _bMinisterio de Educación ; _c2001 |
||
| 300 |
_a207 p. : _bil., tbl., graf. ; _c21 cm. |
||
| 505 | 0 | _aConferencias magistrales -- Ponencias universitarias -- Consulta nacional de educación: síntesis de respuestas -- Universidades públicas y privadas a nivel nacional | |
| 520 | 3 | _aRecoge los temas que se han expuesto y debatido en el Segundo Encuentro Nacional de Universidades con el Ministerio de Educación, en el marco de la Consulta Nacional de Educación. El evento fue organizado por la Oficina de Coordinación Universitaria, órgano dependiente del Viceministerio de Gestión Pedagógica | |
| 650 | 1 | 0 |
_aEducación superior _92690 |
| 650 | 2 | 0 |
_aUniversidades y escuelas superiores _91492 |
| 650 | 2 | 0 |
_aPlanificación universitaria _92691 |
| 650 | 2 | 0 |
_aCalidad de la educación _92692 |
| 650 | 2 | 0 |
_aEducación universitaria _92376 |
| 650 | 2 | 0 |
_aGestión educacional _92436 |
| 650 | 2 | 0 |
_aCongresos _92260 |
| 711 | 1 |
_92693 _aII Encuentro Nacional Universidades - Ministerio de Educación |
|
| 942 |
_cLIB _2ddc |
||
| 999 |
_c316 _d316 |
||